000 00580cam a2200229 a 4500
001 2405638
005 20171219041951.0
008 860617s1987 nyucf b 001 0 eng
010 _a 86016581
020 _a0517564505
040 _aDLC
_cDLC
_dDLC
041 _aeng
043 _an-us---
080 _a342.73024 PET
082 0 0 _a342.73024 PET
_a347.30224
_219
100 1 _a14
101 _aJUR
245 1 2 _aA more perfect union /
_cWilliam Peters.
504 _aBibliography: p. 255-257.
906 _a7
_bcbc
_corignew
_d1
_eocip
_f19
_gy-gencatlg
942 _2ddc
_cBK
999 _c39152
_d39152